Business Policy Text and Cases (Record no. 2964)

MARC details
000 -LEADER
fixed length control field 00357nam a22001457a 4500
008 - FIXED-LENGTH DATA ELEMENTS--GENERAL INFORMATION
fixed length control field 250414b |||||||| |||| 00| 0 eng d
020 ## - INTERNATIONAL STANDARD BOOK NUMBER
ISBN 0256026262
100 ## - MAIN ENTRY--AUTHOR
Author CHRISTENSEN, Roland C.
245 ## - TITLE STATEMENT
Title Business Policy Text and Cases
250 ## - EDITION STATEMENT
Edition statement 5th
260 ## - PUBLICATION, DISTRIBUTION, ETC. (IMPRINT)
Place of publication U.S.A
Name of publisher Rwin Richard
Date of publication 1982
300 ## - COLLATION
Pagination xvii, 838p.
942 ## - ADDED ENTRY ELEMENTS (KOHA)
Item type Books
050 ## - LIBRARY OF CONGRESS CALL NUMBER
Classification number HD2785
Item number .C47
Holdings
Source of classification or shelving scheme Not for loan Permanent location Current location Date acquired Accession No. Full call number Barcode. Koha item type
Library of Congress Classification   Samuel Ogbemudia Main Library, University of Abuja Samuel Ogbemudia Main Library, University of Abuja 04/14/2025 93-010932 HD2785.C47 2025-1324 Books